[Event "Dortmund2"]
[Site "Dortmund"]
[Date "2001.06.09"]
[Round "10"]
[White "Mueller, Siegfried"]
[Black "Wessendorf, Sven"]
[Result "0-1"]
[WhiteElo "1438"]
[BlackElo "1519"]
[PlyCount "74"]
[EventDate "2001.04.25"]
[EventType "tourn"]
[EventRounds "13"]
[EventCountry "GER"]
[SourceTitle "EXT 2007"]
[Source "ChessBase"]
[SourceDate "2006.11.23"]
[SourceVersion "1"]
[SourceVersionDate "2006.11.23"]
[SourceQuality "1"]

1. d4 d5 2. c4 dxc4 3. Nc3 e5 4. Nf3 exd4 5. Qxd4 Qxd4 6. Nxd4 c5 7. Nf3 a6 8. Bf4 Nf6 9. e3 Be6 10. a4 Nc6 11. Ng5 Nb4 12. Nxe6 fxe6 13. Rd1 Nd3+ 14. Bxd3 cxd3 15. Rxd3 Be7 16. Ke2 Kf7 17. Rhd1 Rad8 18. Rxd8 Rxd8 19. Rxd8 Bxd8 20. Bd6 Be7 21. Bxe7 Kxe7 22. f3 Nd5 23. a5 Nxc3+ 24. bxc3 c4 25. e4 Kd6 26. f4 Kc5 27. Ke3 b5 28. axb6 Kxb6 29. e5 g6 30. g4 a5 31. f5 gxf5 32. gxf5 exf5 33. Kf4 a4 34. e6 Kc6 35. Kxf5 Kc7 36. e7 Kd7 37. Ke4 a3 0-1

[Event "Dortmund2"]
[Site "Dortmund"]
[Date "2001.05.25"]
[Round "7"]
[White "Wessendorf, Sven"]
[Black "Nettbohl, Werner"]
[Result "0-1"]
[WhiteElo "1519"]
[BlackElo "1367"]
[PlyCount "50"]
[EventDate "2001.04.25"]
[EventType "tourn"]
[EventRounds "13"]
[EventCountry "GER"]
[SourceTitle "EXT 2007"]
[Source "ChessBase"]
[SourceDate "2006.11.23"]
[SourceVersion "1"]
[SourceVersionDate "2006.11.23"]
[SourceQuality "1"]

1. Nf3 b6 2. b3 Bb7 3. e3 Nf6 4. Bb2 e6 5. d4 c5 6. c4 cxd4 7. exd4 d5 8. Be2 dxc4 9. bxc4 Be7 10. 0-0 0-0 11. Nc3 Nbd7 12. Qc2 Rc8 13. Rad1 Bxf3 14. Bxf3 Rxc4 15. Qd3 Qc8 16. Rfe1 Bb4 17. Rc1 Bxc3 18. Rxc3 Rxc3 19. Bxc3 Qc7 20. d5 Nxd5 21. Bxd5 exd5 22. Re7 Qd6 23. Qe2 d4 24. Bd2 a5 25. h3 Nf6 0-1

[Event "Dortmund2"]
[Site "Dortmund"]
[Date "2001.05.16"]
[Round "5"]
[White "Wessendorf, Sven"]
[Black "Lasberg, Ralf"]
[Result "0-1"]
[WhiteElo "1519"]
[BlackElo "1549"]
[PlyCount "64"]
[EventDate "2001.04.25"]
[EventType "tourn"]
[EventRounds "13"]
[EventCountry "GER"]
[SourceTitle "EXT 2007"]
[Source "ChessBase"]
[SourceDate "2006.11.23"]
[SourceVersion "1"]
[SourceVersionDate "2006.11.23"]
[SourceQuality "1"]

1. Nf3 g6 2. e3 Bg7 3. d4 c5 4. b3 d5 5. Bb2 Bg4 6. c4 dxc4 7. Bxc4 e6 8. h3 Bxf3 9. Qxf3 Nc6 10. 0-0 Nge7 11. Na3 0-0 12. Rad1 Qa5 13. Qe2 cxd4 14. exd4 Nb4 15. Nb5 Nbd5 16. a3 Rfd8 17. Rd2 a6 18. b4 Qb6 19. Nc3 Nxc3 20. Bxc3 Bxd4 21. Bxd4 Rxd4 22. Rxd4 Qxd4 23. Rd1 Qc3 24. Rd7 Kf8 25. Rxb7 Rd8 26. Bxa6 Nf5 27. Qf3 Qa1+ 28. Kh2 Rd1 29. g3 Re1 30. Rc7 Qe5 31. Qf4 Qd5 32. Bb7 Rh1# 0-1

[Event "Dortmund2"]
[Site "Dortmund"]
[Date "2001.05.11"]
[Round "4"]
[White "Gerke, Dieter"]
[Black "Wessendorf, Sven"]
[Result "1-0"]
[WhiteElo "1449"]
[BlackElo "1519"]
[PlyCount "54"]
[EventDate "2001.04.25"]
[EventType "tourn"]
[EventRounds "13"]
[EventCountry "GER"]
[SourceTitle "EXT 2007"]
[Source "ChessBase"]
[SourceDate "2006.11.23"]
[SourceVersion "1"]
[SourceVersionDate "2006.11.23"]
[SourceQuality "1"]

1. d4 d5 2. Nf3 Nf6 3. g3 e6 4. Bg2 c5 5. 0-0 Nc6 6. e3 b5 7. dxc5 Bxc5 8. c3 0-0 9. Nbd2 Bb7 10. Nb3 Bb6 11. Nbd4 a6 12. Re1 Rc8 13. Qe2 Qe7 14. Nxc6 Rxc6 15. Nd4 Bxd4 16. exd4 b4 17. Bd2 bxc3 18. bxc3 Rfc8 19. Rab1 Ba8 20. Rb3 Qc7 21. Reb1 Ne4 22. Bxe4 dxe4 23. Bf4 Qa5 24. c4 f6 25. Qxe4 Rxc4 26. Qxe6+ Kh8 27. Qxc4 Qf5 1-0

[Event "Dortmund2"]
[Site "Dortmund"]
[Date "2001.05.04"]
[Round "3"]
[White "Wessendorf, Sven"]
[Black "Werninghaus, Klaus Peter"]
[Result "1-0"]
[WhiteElo "1519"]
[BlackElo "1407"]
[PlyCount "33"]
[EventDate "2001.04.25"]
[EventType "tourn"]
[EventRounds "13"]
[EventCountry "GER"]
[SourceTitle "EXT 2007"]
[Source "ChessBase"]
[SourceDate "2006.11.23"]
[SourceVersion "1"]
[SourceVersionDate "2006.11.23"]
[SourceQuality "1"]

1. Nf3 Nf6 2. b3 e6 3. Bb2 d5 4. e3 Nbd7 5. d4 Be7 6. Bd3 0-0 7. 0-0 c5 8. c4 b6 9. Nc3 Bb7 10. Rc1 Bd6 11. Re1 e5 12. Nb5 Bb8 13. dxe5 Ne4 14. Qc2 f5 15. exf6 Ndxf6 16. cxd5 Qxd5 17. Bc4 1-0

[Event "Dortmund2"]
[Site "Dortmund"]
[Date "2001.04.28"]
[Round "2"]
[White "Fredersdorf, Theodor"]
[Black "Wessendorf, Sven"]
[Result "1-0"]
[WhiteElo "1513"]
[BlackElo "1519"]
[PlyCount "83"]
[EventDate "2001.04.25"]
[EventType "tourn"]
[EventRounds "13"]
[EventCountry "GER"]
[SourceTitle "EXT 2007"]
[Source "ChessBase"]
[SourceDate "2006.11.23"]
[SourceVersion "1"]
[SourceVersionDate "2006.11.23"]
[SourceQuality "1"]

1. e4 e5 2. Nf3 Nc6 3. Bc4 Bc5 4. c3 Nf6 5. d4 exd4 6. cxd4 Bb4+ 7. Nc3 d5 8. exd5 Nxd5 9. Bd2 Nxc3 10. bxc3 Qe7+ 11. Be2 Bd6 12. 0-0 Bf5 13. d5 Ne5 14. Nd4 Qh4 15. g3 Qh3 16. Nxf5 Qxf5 17. Rb1 Nd7 18. c4 Nc5 19. Bc3 0-0 20. Bg4 Qg5 21. h4 Qh6 22. Bd2 Qf6 23. Bg5 Qc3 24. Be2 Ne4 25. Rb3 Qa5 26. Qc2 Nxg5 27. hxg5 b6 28. Kg2 Qc5 29. Rh1 g6 30. Qe4 f5 31. gxf6 Rxf6 32. Qh4 Qxf2+ 33. Kh3 Qxe2 34. Qxf6 Qxa2 35. Qe6+ Kg7 36. Rf3 Rf8 37. Rxf8 Kxf8 38. Rf1+ Kg7 39. Rf7+ Kh6 40. Qe3+ g5 41. Qe6+ Kh5 42. g4# 1-0